Retailing : A defensive industry becoming more international

Gardado en:
Detalles Bibliográficos
Formato: Libro
Idioma:Undetermined
Publicado: Geneve Pictet & Cie 1991
Những chủ đề:
Các nhãn: Engadir etiqueta
Sen Etiquetas, Sexa o primeiro en etiquetar este rexistro!
Thư viện lưu trữ: Trung tâm Học liệu Trường Đại học Cần Thơ
LEADER 00444nam a2200169Ia 4500
001 CTU_105013
008 210402s9999 xx 000 0 und d
082 |a 381.1 
082 |b R437 
245 0 |a Retailing : 
245 2 |b A defensive industry becoming more international 
260 |a Geneve 
260 |b Pictet & Cie 
260 |c 1991 
650 |a Retail trade 
904 |i Truc 
980 |a Trung tâm Học liệu Trường Đại học Cần Thơ